Statistics for FIFA World Cup -- Close but no cigar.

Click here to take the quiz!

General Stats

  • This quiz has been taken 492 times
  • The average score is 13 of 16

Answer Stats

Answer % Correct
Netherlands
94%
Sweden
90%
Portugal
87%
South Korea
86%
Belgium
85%
United States
84%
Turkey
83%
Croatia
79%
Hungary
79%
Yugoslavia
78%
Chile
77%
Poland
75%
USSR
75%
Czechoslovakia
72%
Austria
71%
Bulgaria
69%

Score Distribution

Percentile by Number Answered

Percent of People with Each Score

Your Score History

You have not taken this quiz